Nhà văn Việt Nam hiện đại

Đã lưu trong:
Chi tiết về thư mục
Định dạng: Sách
Ngôn ngữ:Vietnamese
Được phát hành: H. Hội nhà văn 1997
Những chủ đề:
Các nhãn: Thêm thẻ
Không có thẻ, Là người đầu tiên thẻ bản ghi này!
Thư viện lưu trữ: Mạng thư viện Đại học Đà Nẵng
LEADER 00915nam a2200301 4500
001 000014359
003 10724
005 20120425160434.0
008 120425s1997 viesd
020 |c 140000đ 
041 0 |a vie 
082 |a 895.92209  |b Nha 
245 0 |a Nhà văn Việt Nam hiện đại 
260 |a H.  |b Hội nhà văn  |c 1997 
300 |a 809 tr.  |c 24 cm 
653 |a Nhà văn 
653 |a Việt Nam 
653 |a Hiện đại 
OWN |a LSP 
AVA |a UDN50  |b LSP  |d 895.92209 Nha  |e available  |t Error 5001 Not defined in file expand_doc_bib_avail.  |f 2  |g 0  |h N  |i 0  |k 1 
999 |a From the UDN01 
AVA |a UDN50  |b LSP  |d 895.92209 Nha  |e available  |t Error 5001 Not defined in file expand_doc_bib_avail.  |f 2  |g 0  |h N  |i 0  |k 1 
TYP |a Monograph 
TYP |a Printed language 
980 |a Mạng thư viện Đại học Đà Nẵng